| 000 | 00880nas a2200265 4500 | ||
|---|---|---|---|
| 001 | BR2011002117 | ||
| 003 | BR-BrBNA | ||
| 005 | 20231205114556.0 | ||
| 007 | ta | ||
| 008 | 230509b bl.|||p| |||| 00| 00por d | ||
| 040 |
_aBR-BrBNA _bpor _cBiblioteca Nacional de Agricultura |
||
| 041 | _a(Pt) | ||
| 072 | _aQ70 | ||
| 100 | 1 | _aSilva, P.R.F.G. da | |
| 100 | 1 | _aMeireles, A.J. de A. | |
| 100 | 1 | _aFarias, E.G.G. de | |
| 245 | 1 | _aCaracterização de correntes na área de influência do sistema de disposição oceânica dos esgotos sanitários de Fortaleza, Ceará, Brasil | |
| 650 | _aREDE DE ESGOTO | ||
| 650 | _aLODO RESIDUAL | ||
| 650 | _aTRATAMENTO DE ESGOTO | ||
| 650 | _aCEARÁ | ||
| 773 | 0 |
_tArquivos de Ciências do Mar (Brazil) _xISSN 0374-5686 _g(2010), v. 43(2) p. 103-109 _wBR2011002117 |
|
| 909 |
_a202311 _bLúcia _c55 _dLúcia Elande |
||
| 942 |
_2AGRIS _n0 _cANA |
||
| 999 |
_c209396 _d209396 |
||